A lean, mean market (Record no. 116960)

MARC details
000 -LEADER
fixed length control field 01057cam a2200229 4500
001 - CONTROL NUMBER
control field WB4003-14
008 - FIXED-LENGTH DATA ELEMENTS--GENERAL INFORMATION
fixed length control field 040122n2004 000 0 eng u
035 ## - SYSTEM CONTROL NUMBER
System control number (Sirsi) u124886
245 #2 - TITLE STATEMENT
Title A lean, mean market
260 ## - PUBLICATION, DISTRIBUTION, ETC.
Date of publication, distribution, etc. 2004
490 ## - SERIES STATEMENT
Series statement RICS Press Release
Volume/sequential designation (pr004) 22 January 2004 (3)
520 ## - SUMMARY, ETC.
Summary, etc. The latest 'RICS housing market survey of England and Wales' shows that price rises reached an end of year high in December. While a shortage of houses for sale starts to discourage buyers. However surveyors remain upbeat about sales in spring. In December 30% more surveyors forecast sales would increase in the first quarter of 2004 - up from 23% in November. http://www.rics.org/ricscms/bin/show?class=PressRe lease&template=/includes/showpr.html&id=1104&facul ty=RICS.
590 ## - LOCAL NOTE (RLIN)
Local note WB
590 ## - LOCAL NOTE (RLIN)
Local note WB
650 ## - SUBJECT ADDED ENTRY--TOPICAL TERM
Topical term or geographic name entry element RICS HOUSING MARKET SURVEY ENGLAND AND WALES
650 ## - SUBJECT ADDED ENTRY--TOPICAL TERM
Topical term or geographic name entry element RICS MARKET SURVEYS
650 ## - SUBJECT ADDED ENTRY--TOPICAL TERM
Topical term or geographic name entry element HOUSE PRICES
650 ## - SUBJECT ADDED ENTRY--TOPICAL TERM
Topical term or geographic name entry element HOUSING MARKET FORECASTS
650 ## - SUBJECT ADDED ENTRY--TOPICAL TERM
Topical term or geographic name entry element HOUSE BUYERS
690 ## - LOCAL SUBJECT ADDED ENTRY--TOPICAL TERM (OCLC, RLIN)
Topical term or geographic name as entry element HOUSING-MARKET
942 ## - ADDED ENTRY ELEMENTS (KOHA)
Suppress in OPAC 0
Holdings
Withdrawn status Lost status Source of classification or shelving scheme Damaged status Not for loan Home library Current library Shelving location Date acquired Total Checkouts Full call number Barcode Date last seen Copy number Price effective from Koha item type
    Dewey Decimal Classification     London London News article 22/01/2004   WB4003-14 124886-1001 06/08/2019 1 06/08/2019 News article